000 00621nam a22002057a 4500
005 20220510112116.0
008 220510b ||||| |||| 00| 0 eng d
040 _cAloy
041 _aeng
082 _223
_a181.482
_bADSU
100 _aPrabhakar Adsule
_935538
245 _aUnito mystica:
_bDnyaneshwaras teachings defined in terms of new science
260 _aIndore:
_bPrakash Adsule
_c1992
300 _aviii,213p.
_bHB
_c21x13cm.
365 _2Philosophy
_b200.00
_c
_d200.00
650 _aOriental Philosophy
_935532
650 _aPhilosophy
_935533
700 _aADSULE (Prabhakar)
_935534
942 _2ddc
_cGF
999 _c222860
_d222860